BUSINESS ACCOUNTING 1 (Record no. 216128)

MARC details
000 -LEADER
fixed length control field 00464nam a22001937a 4500
008 - FIXED-LENGTH DATA ELEMENTS--GENERAL INFORMATION
fixed length control field 250927b |||||||| |||| 00| 0 eng d
020 ## - INTERNATIONAL STANDARD BOOK NUMBER
International Standard Book Number 0-273-02628-3
050 ## - LIBRARY OF CONGRESS CALL NUMBER
Classification number HF5635.W66 1984
Item number C.1
100 ## - MAIN ENTRY--PERSONAL NAME
Personal name Wood,Frank
245 ## - TITLE STATEMENT
Title BUSINESS ACCOUNTING 1
250 ## - EDITION STATEMENT
Edition statement FOURTH
260 ## - PUBLICATION, DISTRIBUTION, ETC.
Place of publication, distribution, etc. LONDON
Name of publisher, distributor, etc. PITMAN
Date of publication, distribution, etc. 1984
300 ## - PHYSICAL DESCRIPTION
Extent 474P
500 ## - GENERAL NOTE
General note INCLUDING INDEX
650 ## - SUBJECT ADDED ENTRY
Topical term or geographic name entry element Accounting
700 ## - ADDED ENTRY--PERSONAL NAME
Personal name FRANK WOOD
942 ## - ADDED ENTRY ELEMENTS (KOHA)
Source of classification or shelving scheme Library of Congress Classification
Koha item type Long Loan Book
Holdings
Withdrawn status Lost status Source of classification or shelving scheme Damaged status Not for loan Collection Home library Current library Shelving location Date acquired Inventory number Total checkouts Full call number Barcode Date last seen Date last checked out Copy number Price effective from Koha item type
    Library of Congress Classification     Business & Economics Kisii University Library Kisii University Library On Display 09/27/2025 03653 6 HF 5635.W66 1984 004757 03/19/2026 03/09/2026 C.1 09/27/2025 Long Loan Book